Rick Santorum or the Ayatollah? Quiz Stats

 Plays Quiz not verified by Sporcle

Support Sporcle.
Go Orange.
Score 0/10 Timer 03:00
0 Plays Today
Quote “A”yatollah or “S”antorum? % Correct
[Contraception] is a license to do things in a sexual realm that is counter to how things are supposed to be.???
71.4%
The radical feminists succeeded in undermining the traditional family and convincing women that professional accomplishments are the key to happiness.???
62.2%
We were put on this Earth as creatures of God to have dominion over the Earth.???
59%
This is not a political war at all. This is not a cultural war. This is a spiritual war.???
56.3%
Satan has his sights on the United States???
55.2%
This is a war between two willpowers: the willpower of the people and the willpower of their enemies.???
55%
We believe in democracy and we also believe in freedom, but we do not believe in liberal democracy.???
40.3%
Go back and read what the sirens did once you arrived on that island.… They devour you. They destroy you. They consume you.???
40.1%
The Iranian people's hatred for America is profound.???
33.8%
Over time, socialism has come to be associated with certain things in society that are unacceptable to us.???
30.9%

You're not logged in!

Compare scores with friends on all Sporcle quizzes.
OR
Log In

From the Vault

Border Countries

by Barbaloot

They say that good fences make good neighbors, if that is true, some of these countries have an awful lot of fences to build.
Remove Ads.
Support Sporcle.
Get the best of Sporcle when you Go Orange. This ad-free experience offers more features, more stats, and more fun while also helping to support Sporcle. Thank you for becoming a member.

Show Comments

Extras

Top Quizzes Today


Score Distribution

Your Account Isn't Verified!

In order to create a playlist on Sporcle, you need to verify the email address you used during registration. Go to your Sporcle Settings to finish the process.

Report this User

Report this user for behavior that violates our Community Guidelines.

Details: